1211 1180 1386 1165 1653 1574 1398 1387 1935 1108 1558 1016 1019 1528 1266 1693 1243 1033 1395 1691 1447 1954 1290 1204 1006 1061 1250 1221 1341 1440 1664 1084 1005 1536 1316 1448 1491 1609 1744 1005 1125 1315 1145 1645 1286 1093 1217 1858 1295 1624 1621 1374 1474 1893 1795 1969 1967 1296 1821 1598 1026 1058 1868 1466 1310 1774 1161 1041 1130 1854 1834 1846 1105 1912 1083 1033 1200 1352 1007 1231 1908 1248 1152 1705 1225 1207 1380 1859 1195 1412 1279 1388 1538 1548 1559 1864 1784 1536 1402 BCNSPRNW ULIB Ver.6.0+V

เปลี่ยนเป็นภาษาไทย

Change to English
 แสดงรายละเอียดบรรณานุกรม
  กลับหน้าหลัก

Brief Record : Get Marc (ISO 2709) : E-mail record : QR code < ปิดหน้าต่าง
LEADER : 00000nam 2200000uu 4500
001    13399123387
003     ULIB
008    020711sมปป. th a 000 0 tha d
099    นว.^bร119ว
100    รจเรข
245    วงกตหัวใจ/^cรจเรข
260    กรุงเทพฯ :^bศิลปาบรรณาคาร,^cมปป.
300    491หน้า
945    ^p0^l0^i019197
999    ^aทศพร
รายการนี้ยังไม่มีแท็ก
คุณยังไม่ได้ล็อกอิน คุณสามารถมีกิจกรรมร่วมกับเว็บไซต์ได้ แต่ต้องล็อกอินก่อน ::
  ล็อกอิน

รายการสื่อสารสนเทศ

ลำดับที่ ประเภท เลขเรียก/บาร์โค้ด สถานที่ สถานะ
1. นวนิยาย
นวนิยาย
นว. ร119ว ฉ.1 
  Barcode: 019197
ห้องสมุดวิทยาเขตสวรรค์ประชารักษ์
►นวนิยาย
บนชั้น
  ขอยืม

BibComment


ยังไม่เคยถูกคอมเมนท์

คอมเมนท์ทรัพยากรรายการนี้
  คอมเมนท์: วงกตหัวใจ รจเรข


 Copyright 2026. Bcnsprnw @Library